The concubine/ (Record no. 9395)

000 -LEADER
fixed length control field 00455nam a2200145 4500
008 - FIXED-LENGTH DATA ELEMENTS--GENERAL INFORMATION
fixed length control field 151026b xxu||||| |||| 00| 0 eng d
020 ## - INTERNATIONAL STANDARD BOOK NUMBER
International Standard Book Number 9789966258182
050 ## - LIBRARY OF CONGRESS CALL NUMBER
Classification number AFR PR 9387.9.A47C6 2015
100 ## - MAIN ENTRY--PERSONAL NAME
Personal name Amadi, Elechi.
Dates associated with a name 2015
245 ## - TITLE STATEMENT
Title The concubine/
Statement of responsibility, etc. Elechi Amadi
260 ## - PUBLICATION, DISTRIBUTION, ETC. (IMPRINT)
Place of publication, distribution, etc. Kampala ;
Name of publisher, distributor, etc. EAEP,
Date of publication, distribution, etc. 2015.
300 ## - PHYSICAL DESCRIPTION
Extent 253 p.
650 ## - SUBJECT ADDED ENTRY--TOPICAL TERM
Topical term or geographic name as entry element English Fiction.
942 ## - ADDED ENTRY ELEMENTS (KOHA)
Source of classification or shelving scheme
Koha item type Short Loan Books
Classification part AFR PR 9387.9.A47C6 2015
Koha issues (borrowed), all copies 193
Holdings
Withdrawn status Lost status Source of classification or shelving scheme Damaged status Not for loan Home library Current library Shelving location Date acquired Source of acquisition Total Checkouts Full call number Barcode Date last seen Date last checked out Price effective from Koha item type Cost, normal purchase price Total Renewals
          MACHAKOS UNIVERSITY LIBRARY MACHAKOS UNIVERSITY LIBRARY Africana 26/10/2015 Textbook Centre 52 PR 9387.9.A47C6 2015 16982 16/03/2020 16/03/2020 26/10/2015 Africana (Books)    
          MACHAKOS UNIVERSITY LIBRARY MACHAKOS UNIVERSITY LIBRARY Africana 04/12/2017 Textbook Centre 73 PR 9387.9 .A47C6 2015 37893 17/03/2025 17/03/2025 04/12/2017 Africana (Books) 522.00  
          MACHAKOS UNIVERSITY LIBRARY MACHAKOS UNIVERSITY LIBRARY Africana 04/12/2017 Textbook Centre 48 PR 9387.9 .A47C6 2015 37894 11/09/2025 11/09/2025 04/12/2017 Africana (Books) 522.00  
          MACHAKOS UNIVERSITY LIBRARY MACHAKOS UNIVERSITY LIBRARY Africana 04/12/2017 Textbook Centre 73 PR 9387.9 .A47C6 2015 37895 25/11/2025 25/11/2025 04/12/2017 Africana (Books) 522.00 1
          MACHAKOS UNIVERSITY LIBRARY MACHAKOS UNIVERSITY LIBRARY Africana 04/12/2017 Textbook Centre 25 PR 9387.9 .A47C6 2015 17590 25/03/2022 25/03/2022 04/12/2017 Africana (Books) 522.00  
© Machakos University Library, Along The Highway, Machakos Wote Rd, Machakos, Kenya P.O. Box 136 - 90100 Machakos - Kenya

Tel: ( +254 ) 723 805829 OR Fax : 044-20353 OR Email: library@mksu.ac.ke